000 02330aam a2200373 i 4500
001 768714001
003 CO-MdFUSB
005 20250825105732.0
007 ta
008 250825t2006 -us |||| |||| 00| 0 eng d
020 _a1-57856-896-X
040 _cCO-MdFUSB
041 0 _aeng
082 0 4 _223
_a248.844
_bD141n
100 1 _aDaley, Jerome.
_eautor
245 1 0 _aNot your parents' marriage :
_bbold partnership for a new generation
_c/ Jerome Daley , Kellie Daley
264 1 _bWaterBrook Press,
_aColorado Springs, CO. :
_c[2006]
264 4 _c©2006
300 _a160 páginas
336 _atexto
_btxt
_2rdacontent
337 _2rdamedia
_asin mediación
_bn
338 _2rdacarrier
_avolumen
_bnc
500 _aIncluye preguntas de discusión para parejas o grupos.
505 _aDescubriendo el diseño de Dios para el matrimonio. -- Honrar el pasado mientras se avanza: navegando el cambio generacional en el matrimonio. -- Romper: la obediencia de dejar a los padres. -- Ruptura en: descubrir su lugar en la familia extendida. -- Posicionarse para el poder: recibir la autoridad de Dios en la unidad del matrimonio. -- Enamorarse con Dios: hacer completa la intimidad. -- Descubrir quién es usted y cómo encaja. -- "No lavo los platos": repensando los roles en el hogar, la iglesia y el trabajo. -- ¿Quién es usted?: cómo encontrar su verdadera identidad en el matrimonio. -- Guerreros y artistas en sociedad: comprendiendo las cuatro posibles combinaciones en el matrimonio. -- Afirmando la "extraña pareja": la belleza de las mujeres guerreras y los hombres artistas. -- Construyendo en el pasado: cómo honrar a las generaciones.
520 _aNo es solamente ustedes dos y Dios. La verdad es, que usted trae su familia dentro de la relación en mas de una forma sin que se haya dado cuenta. Sin embargo, Dios tiene planes para su matrimonio que difieren de las expectativas de la generación de sus padres. Mirando al pasado, ¿Cómo sabe usted lo que debe desechar y lo que va a conservar para si mismo?
563 _aRústico
650 7 _aMatrimonio
_xAspectos religiosos
_bCristianismo
_9291
653 _aEsposas -- Vida religiosa
653 _aPersonas casadas -- Vida religiosa
700 1 _aDaley, Kellie
_eautor
942 _cBK
945 _aJTF-925
999 _c44314
_d44314